Central Library OPAC University of Rajshahi

Introduction to set theory and topology / (Record no. 6667)

MARC details
000 -LEADER
fixed length control field 01021cam a22003011 4500
001 - CONTROL NUMBER
control field 6667
003 - CONTROL NUMBER IDENTIFIER
rucl marc code BD-RjUL
005 - DATE AND TIME OF LATEST TRANSACTION
control field 20211208234305.0
008 - FIXED-LENGTH DATA ELEMENTS--GENERAL INFORMATION
fixed length control field 140111s1961 nyua 001 0 eng
035 ## - SYSTEM CONTROL NUMBER
System control number (BD-RjUL)6708
System control number (OCoLC)1023273
040 ## - CATALOGING SOURCE
Original cataloging agency DLC
Transcribing agency OYU
Modifying agency OCoLC
-- Uk
-- DLC
-- BD-RjUL
Language of cataloging eng
041 1# - LANGUAGE CODE
Language code of text/sound track or separate title eng
Language code of original pol
082 ## - DEWEY DECIMAL CLASSIFICATION NUMBER
Classification number 512.817
Author mark and year KUI 1962
100 1# - MAIN ENTRY--PERSONAL NAME
Personal name Kuratowski, Kazimierz,
Dates associated with a name 1896-
9 (RLIN) 20953
245 00 - TITLE STATEMENT
Title Introduction to set theory and topology /
Statement of responsibility, etc. Translated from the rev. Polish ed. by Leo F. Boron.
260 ## - PUBLICATION, DISTRIBUTION, ETC. (IMPRINT)
Place of publication, distribution, etc. New York :
Name of publisher, distributor, etc. Pergamon Press ,
Date of publication, distribution, etc. c1961 [Reprinted 1962].
300 ## - PHYSICAL DESCRIPTION
Pagination 283 p. :
Illustrations illus. ;
Size 21 cm.
490 1# - SERIES STATEMENT
Series statement International series of monographs on pure and applied mathematics,
Volume/sequential designation v. 13
504 ## - BIBLIOGRAPHY, ETC. NOTE
Bibliography, etc Includes index.
650 #0 - SUBJECT ADDED ENTRY--TOPICAL TERM
Topical term or geographic name as entry element Set theory.
9 (RLIN) 20954
Topical term or geographic name as entry element Topology.
9 (RLIN) 20955
830 #0 - SERIES ADDED ENTRY--UNIFORM TITLE
Volume number/sequential designation v. 13.
Uniform title International series of monographs in pure and applied mathematics ;
942 ## - ADDED ENTRY ELEMENTS (KOHA)
Source of classification or shelving scheme Dewey Decimal Classification
Koha item type Books
Holdings
Lost status Source of classification or shelving scheme Damaged status Not for loan Collection code Permanent Location Current Location Shelving location Date acquired Source of acquisition Cost, normal purchase price Total Checkouts Full call number Date last seen Copy number Koha item type
  Dewey Decimal Classification     Non-fiction Central Library, University of Rajshahi Central Library, University of Rajshahi   08/04/1965 Zeitlinger 45.00   512.817 KUI 1962 11/01/2014 C-2 Books